000 00194 a2200097 4500
020 _a9780545903394
041 _aeng
100 _aBarker, Scott
245 _aWrite and wipe counting
942 _cBK
999 _c30884
_d30882